Self and sovereignty: individual and community in South Asian Islam since 1850 (Record no. 398256)

000 -LEADER
fixed length control field 00429cam a22001337a 4500
008 - FIXED-LENGTH DATA ELEMENTS--GENERAL INFORMATION
fixed length control field 180718b2001 xxu||||| |||| 00| 0 eng d
020 ## - INTERNATIONAL STANDARD BOOK NUMBER
International Standard Book Number 0195651847
082 ## - DEWEY DECIMAL CLASSIFICATION NUMBER
Classification number B1243x54 J216
100 ## - MAIN ENTRY--PERSONAL NAME
Personal name Jalal, Ayesha
245 ## - TITLE STATEMENT
Title Self and sovereignty: individual and community in South Asian Islam since 1850
Statement of responsibility, etc. by Ayesha Jalal
260 ## - PUBLICATION, DISTRIBUTION, ETC.
Place of publication, distribution, etc. New Delhi
Name of publisher, distributor, etc. Oxford Univ. Press
Date of publication, distribution, etc. 2001
300 ## - PHYSICAL DESCRIPTION
Extent 630p.
650 ## - SUBJECT ADDED ENTRY--TOPICAL TERM
Topical term or geographic name entry element Muslims - South Asia - History
Holdings
Withdrawn status Lost status Damaged status Not for loan Permanent Location Current Location Date acquired Full call number Barcode Date last seen Price effective from Koha item type
        Indian Institute of Public Administration Indian Institute of Public Administration 2001-08-25 B1243x54 J216 76877 2018-07-21 2018-07-21 Book

Powered by Koha